[Event "Macaubal Tsiloufas Memorial"]
[Site "Macaubal"]
[Date "2024.07.13"]
[Round "2"]
[White "Kawakami, Bruno Akira"]
[Black "Nabeta, Gabriel Zanqueta P"]
[Result "1-0"]
[WhiteElo "1800"]
[BlackElo "1518"]
[PlyCount "35"]
[EventDate "2024.07.13"]
[EventType "swiss"]
[EventRounds "5"]
[EventCountry "BRA"]
[SourceTitle "CBM 221 Extra"]
[Source "ChessBase"]
[SourceDate "2024.09.30"]
[SourceVersion "1"]
[SourceVersionDate "2024.09.30"]
[SourceQuality "1"]

1. d4 g6 2. c4 Bg7 3. e4 d6 4. Nc3 Nf6 5. Nf3 0-0 6. Be2 e5 7. dxe5 dxe5 8. Qxd8 Rxd8 9. Nd5 Nxd5 10. cxd5 c6 11. Bc4 Bg4 12. Ng5 b5 13. Bb3 h6 14. Nxf7 Kxf7 15. dxc6+ Be6 16. Bxe6+ Kxe6 17. c7 Rd7 18. c8Q 1-0

[Event "Macaubal Tsiloufas Memorial"]
[Site "Macaubal"]
[Date "2024.07.13"]
[Round "1"]
[White "Nabeta, Gabriel Zanqueta P"]
[Black "Antonietti, Lucas Ramos"]
[Result "1-0"]
[WhiteElo "1518"]
[BlackElo "1800"]
[PlyCount "65"]
[EventDate "2024.07.13"]
[EventType "swiss"]
[EventRounds "5"]
[EventCountry "BRA"]
[SourceTitle "CBM 221 Extra"]
[Source "ChessBase"]
[SourceDate "2024.09.30"]
[SourceVersion "1"]
[SourceVersionDate "2024.09.30"]
[SourceQuality "1"]

1. e4 c5 2. Nf3 d6 3. Bb5+ Nc6 4. 0-0 Nf6 5. Re1 e5 6. d3 Be7 7. Nbd2 Bg4 8. h3 Bxf3 9. Nxf3 0-0 10. Bg5 Qa5 11. Bxc6 bxc6 12. Qd2 Qxd2 13. Nxd2 Rfe8 14. Nc4 Rad8 15. Rad1 d5 16. exd5 cxd5 17. Nxe5 Bd6 18. Nf3 Rxe1+ 19. Rxe1 h6 20. Bxf6 gxf6 21. c3 Rb8 22. Re2 a5 23. c4 dxc4 24. dxc4 a4 25. Rc2 a3 26. b3 Rd8 27. Rd2 Be7 28. Rxd8+ Bxd8 29. Kf1 Kf8 30. Ke2 Ke7 31. Kd3 Kd6 32. Kc3 Ba5+ 33. Kd3 1-0

[Event "BRA-ch Amateurs U1700"]
[Site "Sao Paulo"]
[Date "2024.05.31"]
[Round "3"]
[White "Nabeta, Gabriel Zanqueta P"]
[Black "Pacheco, Pedro Henrique"]
[Result "1-0"]
[WhiteElo "1798"]
[BlackElo "1648"]
[PlyCount "107"]
[EventDate "2024.05.30"]
[EventType "swiss"]
[EventRounds "7"]
[EventCountry "BRA"]
[SourceTitle "CBM 220 Extra"]
[Source "ChessBase"]
[SourceDate "2024.07.31"]
[SourceVersion "1"]
[SourceVersionDate "2024.07.31"]
[SourceQuality "1"]

1. e4 c5 2. Nf3 d6 3. Bb5+ Bd7 4. Bxd7+ Nxd7 5. 0-0 Ngf6 6. Re1 g6 7. e5 dxe5 8. Nxe5 Bg7 9. Nxd7 Qxd7 10. d3 0-0 11. Nd2 Rac8 12. a4 Rfd8 13. Nc4 e6 14. Bg5 h6 15. Bh4 Qd5 16. Bg3 Nh5 17. Re4 Qxe4 18. dxe4 Rxd1+ 19. Rxd1 Nxg3 20. hxg3 Rc7 21. c3 Kf8 22. f4 Ke7 23. Kf2 Rd7 24. Rxd7+ Kxd7 25. Ke3 b6 26. e5 Bf8 27. g4 Be7 28. g3 f5 29. exf6 Bxf6 30. Ke4 Bg7 31. Ne5+ Bxe5 32. Kxe5 Ke7 33. f5 exf5 34. gxf5 g5 35. f6+ Kf7 36. Kf5 a6 37. c4 g4 38. Kxg4 Kxf6 39. Kh5 Kg7 40. g4 Kh7 41. g5 hxg5 42. Kxg5 Kg7 43. Kf5 Kf7 44. Ke5 Ke7 45. Kd5 Kd7 46. a5 Kc7 47. axb6+ Kxb6 48. Kd6 Kb7 49. Kxc5 Kc7 50. b4 Kb7 51. Kd6 Kb8 52. c5 Kb7 53. c6+ Kc8 54. c7 1-0

[Event "BRA-ch Amateurs U1700"]
[Site "Sao Paulo"]
[Date "2024.05.30"]
[Round "1"]
[White "Nabeta, Gabriel Zanqueta P"]
[Black "Carajelescov, Rafael Santone"]
[Result "0-1"]
[WhiteElo "1798"]
[BlackElo "1624"]
[PlyCount "88"]
[EventDate "2024.05.30"]
[EventType "swiss"]
[EventRounds "7"]
[EventCountry "BRA"]
[SourceTitle "CBM 220 Extra"]
[Source "ChessBase"]
[SourceDate "2024.07.31"]
[SourceVersion "1"]
[SourceVersionDate "2024.07.31"]
[SourceQuality "1"]

1. e4 c5 2. Nf3 Nc6 3. c3 d5 4. exd5 Qxd5 5. h3 e5 6. c4 Qd6 7. Nc3 Bf5 8. Nb5 Qd7 9. Qb3 Nb4 10. Nxe5 Qe7 11. Qg3 a6 12. Qf4 axb5 13. Qxf5 f6 14. Kd1 Qxe5 15. Qxe5+ fxe5 16. a3 bxc4 17. Bxc4 Nf6 18. Re1 Bd6 19. f4 Nc6 20. Bb5 Nd7 21. Bxc6 bxc6 22. fxe5 Bc7 23. e6 Ne5 24. d4 0-0-0 25. e7 Rxd4+ 26. Kc2 Re8 27. Be3 Re4 28. Bf2 Rxe1 29. Rxe1 c4 30. Bc5 Nd3 31. Rf1 Nxc5 32. Rf8 Kd7 33. Rxe8 Kxe8 34. Kc3 Kxe7 35. Kxc4 Kd6 36. b4 Ne6 37. a4 Nf4 38. a5 Nxg2 39. a6 Bb6 40. b5 g5 41. Kb4 Nf4 42. a7 Bxa7 43. Ka5 cxb5 44. Kxb5 Nxh3 0-1

[Event "Araraquara op 2nd"]
[Site "Araraquara"]
[Date "2024.02.12"]
[Round "6"]
[White "Lohmann, Edipo Luiz"]
[Black "Nabeta, Gabriel Zanqueta P"]
[Result "0-1"]
[WhiteElo "1367"]
[BlackElo "1800"]
[PlyCount "63"]
[EventDate "2024.02.10"]
[EventType "swiss"]
[EventRounds "7"]
[EventCountry "BRA"]
[SourceTitle "CBM 218 Extra"]
[Source "ChessBase"]
[SourceDate "2024.03.31"]
[SourceVersion "1"]
[SourceVersionDate "2024.03.31"]
[SourceQuality "1"]

1. d4 Nf6 2. Nc3 g6 3. e4 d6 4. f4 e5 5. dxe5 dxe5 6. Qxd8+ Kxd8 7. fxe5 Ng4 8. Nf3 Nc6 9. Bf4 Bc5 10. 0-0-0+ Ke7 11. Nd5+ Kf8 12. Bg3 Bf2 13. Bb5 Bxg3 14. hxg3 Nf2 15. Nxc7 Rb8 16. Rhf1 Nxd1 17. Kxd1 Kg7 18. Kc1 Be6 19. Nd5 Rbd8 20. Nc3 a6 21. Bd3 Rhe8 22. a3 Bg4 23. Nd5 Nxe5 24. Nxe5 Rxe5 25. Nf4 Bd7 26. Nd5 Bb5 27. Bxb5 axb5 28. Nc3 Ra8 29. Kd2 h5 30. Ke3 f5 31. Kd4 Kf6 32. exf5 0-1

[Event "Araraquara op 2nd"]
[Site "Araraquara"]
[Date "2024.02.12"]
[Round "5"]
[White "Nabeta, Gabriel Zanqueta P"]
[Black "Candido, Gustavo Alexandre"]
[Result "1/2-1/2"]
[WhiteElo "1800"]
[BlackElo "1800"]
[PlyCount "169"]
[EventDate "2024.02.10"]
[EventType "swiss"]
[EventRounds "7"]
[EventCountry "BRA"]
[SourceTitle "CBM 218 Extra"]
[Source "ChessBase"]
[SourceDate "2024.03.31"]
[SourceVersion "1"]
[SourceVersionDate "2024.03.31"]
[SourceQuality "1"]

1. e4 c5 2. Nf3 d6 3. d3 Nf6 4. g3 e6 5. Bg2 Be7 6. 0-0 Nc6 7. Nbd2 0-0 8. c3 Bd7 9. Re1 Rb8 10. h3 Qc7 11. Kh2 Rfe8 12. Rh1 e5 13. Nf1 d5 14. exd5 Nxd5 15. Ng5 Bxg5 16. Bxg5 Qd6 17. d4 Nc7 18. dxe5 Qxd1 19. Rxd1 Nxe5 20. f4 Bc6 21. fxe5 Bxg2 22. Kxg2 Rxe5 23. Bf4 Re7 24. Bxc7 Rxc7 25. Ne3 g6 26. Rd2 b5 27. Rhd1 a5 28. Rd8+ Rxd8 29. Rxd8+ Kg7 30. Ra8 Re7 31. Kf2 Rd7 32. Ke2 Rb7 33. Rxa5 b4 34. cxb4 Rxb4 35. b3 h5 36. h4 f6 37. Rxc5 Kh6 38. Rc4 Rb8 39. Nd5 f5 40. Rc7 Re8+ 41. Re7 Ra8 42. Nf6 Rxa2+ 43. Kd3 g5 44. hxg5+ Kxg5 45. Rf7 Rg2 46. Kd4 Rd2+ 47. Ke3 Rb2 48. Nxh5 Rxb3+ 49. Kf2 Kxh5 50. Rxf5+ Kg4 51. Rf4+ Kg5 52. Rf3 Rb2+ 53. Ke3 Kg4 54. Rf4+ Kxg3 55. Rf3+ Kg2 56. Rf8 Rb3+ 57. Ke4 Rb4+ 58. Kd5 Kg3 59. Rg8+ Kf4 60. Rf8+ Ke3 61. Re8+ Kd3 62. Kc5 Rc4+ 63. Kd6 Kd4 64. Re5 Ra4 65. Rd5+ Ke4 66. Rh5 Ra6+ 67. Kc7 Kf4 68. Kb7 Rf6 69. Ra5 Rf7+ 70. Kb8 Ke4 71. Kc8 Kd4 72. Kd8 Kc4 73. Ke8 Rb7 74. Rh5 Rb8+ 75. Kd7 Rb7+ 76. Kd8 Ra7 77. Kc8 Kd3 78. Rh4 Ke3 79. Kb8 Rg7 80. Ra4 Rg8+ 81. Kb7 Kd3 82. Rh4 Re8 83. Ra4 Re7+ 84. Kc8 Ke3 85. Rh4 1/2-1/2

[Event "Araraquara op 2nd"]
[Site "Araraquara"]
[Date "2024.02.10"]
[Round "1"]
[White "Nabeta, Gabriel Zanqueta P"]
[Black "De Santana, Ezio Carvalho"]
[Result "0-1"]
[WhiteElo "1800"]
[BlackElo "1749"]
[PlyCount "78"]
[EventDate "2024.02.10"]
[EventType "swiss"]
[EventRounds "7"]
[EventCountry "BRA"]
[SourceTitle "CBM 218 Extra"]
[Source "ChessBase"]
[SourceDate "2024.03.31"]
[SourceVersion "1"]
[SourceVersionDate "2024.03.31"]
[SourceQuality "1"]

1. e4 e5 2. Nf3 Nc6 3. Bc4 Nf6 4. Ng5 d5 5. exd5 Na5 6. Bb5+ c6 7. dxc6 bxc6 8. Qf3 Be7 9. d3 0-0 10. Bd2 Bg4 11. Qg3 cxb5 12. f3 Bd7 13. h4 Nh5 14. Qxe5 Bxg5 15. Qxg5 Qc7 16. Qxh5 Qxc2 17. Kf2 Qxb2 18. Re1 Qxa1 19. Bc3 Qxa2+ 20. Kg1 Rae8 21. Rxe8 Rxe8 22. Qg5 f6 23. Bxf6 Re1+ 24. Kh2 Qf7 25. Qg3 Rxb1 26. Qb8+ Be8 27. Bc3 Nc6 28. Qg3 b4 29. Bd2 a5 30. Bh6 a4 31. Qd6 gxh6 32. Qg3+ Kh8 33. d4 a3 34. Qd6 a2 35. d5 a1Q 36. Qxh6 Rh1+ 37. Kg3 Qe1+ 38. Kg4 Bd7+ 39. Kg5 Qg3# 0-1